000 00871nmm a2200265 a 4500
001 ocm000655857
003 TR-IsHL
005 20201028132755.0
008 131030s2010 tu tur
007 cr cn
020 _a9789756476390
035 _a655857
_b(N$T)
050 0 4 _aBP135.A3
_bD45 2010
090 0 4 _aBP135.A3
_bD45 2010
100 1 _aDikmen, Mehmet,
245 1 0 _aPeygamberimizden hayat dersleri (666 hadis)
_h[electronic resource] /
_cMehmet, Dikmen
260 _aİstanbul :
_bCihan Yayınları,
_c2010
300 _a353
650 4 _aFelsefe, Psikoloji ve Din
650 4 _aPhilosophy, Psychology and Religion
650 0 _aHadis
_x Seçmeler
650 0 _aHadith
_x Selections
650 7 _aRELIGION / Prayerbooks / Islamic
_2bisacsh
856 4 0 _uhttp://search.ebscohost.com/login.aspx?direct=true&scope=site&db=e011xww&AN=655857
999 _c5274
_d5274